|
|
|
|
| LEADER |
00000 a2200000 4500 |
| 003 |
CL-VaPUC |
| 005 |
20230718074444.0 |
| 008 |
200303b ||||| |||| 00| 0 eng d |
| 999 |
|
|
|c 416815
|d 416813
|
| 020 |
|
|
|a 9789814370042
|
| 040 |
|
|
|c Pontificia Universidad Católica de Valparaíso
|
| 082 |
0 |
4 |
|a 511.8 ALS 2012
|
| 110 |
1 |
|
|a ALSTON
|9 719905
|
| 245 |
1 |
0 |
|a Mathematical Modelling: A Collection of Classroom Tasks
|
| 260 |
|
|
|a Toa Payoh, Singapur
|b ALSTON
|c 2012
|
| 300 |
|
|
|a 83 páginas
|
| 583 |
|
|
|k Cristina Rojas
|c 20200303
|
| 650 |
0 |
0 |
|a Modelos matemáticos
|9 259437
|
| 650 |
0 |
0 |
|a Matemática
|9 260235
|
| 942 |
|
|
|2 ddc
|c BK
|
| 952 |
|
|
|0 0
|1 0
|2 ddc
|4 0
|6 511_800000000000000_ALS_2012
|7 0
|8 A
|9 551533
|a BIBMAT
|b BIBMAT
|d 2020-03-02
|e 1
|g 94350.00
|i 5573335
|l 2
|o 511.8 ALS 2012
|p 5573335
|r 2025-01-07
|s 2021-12-13
|t 1
|v 94350.00
|w 2020-03-02
|y BK
|k MAT
|